| 000 | 003740000a22001570004500 | ||
|---|---|---|---|
| 001 | 003764 | ||
| 003 | MACL | ||
| 040 | _aMACL | ||
| 090 |
_c15757 _d15756 |
||
| 100 | _aKar, R.N. | ||
| 245 |
_aManagement Of College Libraries In West Bengal _cR.N. Kar |
||
| 260 |
_aWest Bengal College, _c2005 |
||
| 350 | _a300 | ||
| 650 | _aLibrary & Information Science | ||
| 942 |
_k26 _cBook |
||
| 999 |
_c15658 _d15658 |
||